000 00489nam a2200205Ia 4500
003 OSt
005 20220924134408.0
006 a|||||r|||| 00| 0
007 ta
008 220923b |||||||| |||| 00| 0 snd d
024 _a274038
037 _cTextual
040 _aARTS
_cARTS
_bsnd
041 _2snd
_asnd
082 _aO1593,3NBAx, L5
245 0 _aImpair cinema ma khoon
260 _c1975
942 _hO1593,3NBAx, L5
_cTEXL
_2CC
999 _c437356
_d437356